| 000 | 00317nam a2200121Ia 4500 | ||
|---|---|---|---|
| 008 | 230907s9999||||xx |||||||||||||| ||und|| | ||
| 082 |
_a621.433 _bGIA |
||
| 100 |
_aGiampaolo, Tony, _981384 |
||
| 245 | 0 | _aGas turbine handbook : | |
| 300 | _axv, 507 pages : | ||
| 650 |
_aHandbooks, manuals, etc. _911475 |
||
| 942 | _cBK | ||
| 999 |
_c599558 _d599558 |
||